Catalog

Record Details

Catalog Search



Umění 19. a 20. století  Cover Image Book Book

Umění 19. a 20. století / Norbert Lynton ; přeložila Věra Nosková ; doslov napsal Ľudovít Petránsky a ze slovenštiny přeložila Jiřina Kintnerová

Lynton, Norbert, 1927-2007 (Author). Nosková, Věra (Translator). Petránsky, Ľudovít, 1943- (Author of afterword, colophon, etc.). Kintnerová, Jiřina, 1922-1996 (Translator).

Record details

  • Physical Description: 191 stran : ilustrace (některé barevné) ; 29 cm
  • Publisher: Praha : Artia, 1981

Content descriptions

General Note:
Přeloženo z angličtiny, doslov přeložen ze slovenštiny
Bibliography, etc. Note:
Obsahuje bibliografii a rejstřík
Subject: výtvarné umění > 19.-20. století
dějiny umění > 19.-20. století
art > 19th-20th centuries
history of art > 19th-20th centuries
Genre: obrazové publikace
pictorial works

Available copies

  • 1 of 1 copy available at Common Catalog SPOK.

Holds

  • 0 current holds with 1 total copy.
Show Only Available Copies
Location Call Number / Copy Notes Barcode Shelving Location Status Due Date
Jabok Library VO-7.3/L 424480019460 Odborná literatura Available -

LDR 02035nam a22005051i 4500
00113693
003CZ-PrJAB
00520191111151839.0
007ta
008990227s1981 xr a e 001 0 cze
015 . ‡acnb000866090
020 . ‡q(Vázáno) : ‡cKčs 100,00
035 . ‡a(CZ PrNK)gk62020628
040 . ‡aABA001 ‡bcze ‡cABA001 ‡dABA001 ‡erda
0411 . ‡acze ‡heng ‡hslo
045 . ‡aw-x-
072 7. ‡a72/76 ‡xVýtvarné umění ‡2Konspekt ‡921
080 . ‡a72/76 ‡2MRF
080 . ‡a72/76(091) ‡2MRF
080 . ‡a(084.11) ‡2MRF
1001 . ‡aLynton, Norbert, ‡d1927-2007 ‡7jn20020722232 ‡4aut
24010. ‡aLandmarks of the world's art. ‡pModern world. ‡lČesky
24510. ‡aUmění 19. a 20. století / ‡cNorbert Lynton ; přeložila Věra Nosková ; doslov napsal Ľudovít Petránsky a ze slovenštiny přeložila Jiřina Kintnerová
264 1. ‡aPraha : ‡bArtia, ‡c1981
300 . ‡a191 stran : ‡bilustrace (některé barevné) ; ‡c29 cm
336 . ‡atext ‡btxt ‡2rdacontent
336 . ‡astatický obraz ‡bsti ‡2rdacontent
337 . ‡abez média ‡bn ‡2rdamedia
338 . ‡asvazek ‡bnc ‡2rdacarrier
4901 . ‡aUmění světa
500 . ‡aPřeloženo z angličtiny, doslov přeložen ze slovenštiny
504 . ‡aObsahuje bibliografii a rejstřík
65007. ‡avýtvarné umění ‡7ph116708 ‡y19.-20. století ‡2czenas
65007. ‡adějiny umění ‡7ph119698 ‡y19.-20. století ‡2czenas
65009. ‡aart ‡y19th-20th centuries ‡2eczenas
65009. ‡ahistory of art ‡y19th-20th centuries ‡2eczenas
655 7. ‡aobrazové publikace ‡7fd132947 ‡2czenas
655 9. ‡apictorial works ‡2eczenas
7001 . ‡aNosková, Věra ‡7jk01090285 ‡4trl
7001 . ‡aPetránsky, Ľudovít, ‡d1943- ‡7jn19990210489 ‡4aft
7001 . ‡aKintnerová, Jiřina, ‡d1922-1996 ‡7jk01060196 ‡4trl
830 0. ‡aUmění světa
910 . ‡aABG312
995 . ‡aska
901 . ‡a13693 ‡bCZ PrNK ‡c13693 ‡tbiblio

Additional Resources